[Event "Uppsala Young Champions"]
[Site "Uppsala"]
[Date "2018.10.29"]
[Round "5"]
[White "Kistrup, Nicolai"]
[Black "Bit Narva, David"]
[Result "1/2-1/2"]
[WhiteElo "2120"]
[BlackElo "1974"]
[PlyCount "96"]
[EventDate "2018.10.26"]
[EventType "swiss"]
[EventRounds "9"]
[EventCountry "SWE"]
[SourceTitle "CBM 187 Extra"]
[Source "ChessBase"]
[SourceDate "2018.11.04"]
[SourceVersion "1"]
[SourceVersionDate "2018.11.04"]
[SourceQuality "1"]

1. d4 d6 2. Nf3 Bg4 3. e4 Bxf3 4. Qxf3 Nd7 5. Bc4 e6 6. 0-0 Ngf6 7. Re1 c6 8. Nc3 e5 9. dxe5 dxe5 10. Ne2 b5 11. Bb3 Be7 12. a4 0-0 13. axb5 cxb5 14. Rd1 Qc7 15. Nc3 b4 16. Nd5 Nxd5 17. Bxd5 Rac8 18. c3 a5 19. cxb4 Bxb4 20. Be3 Nf6 21. Rac1 Qd7 22. Qe2 Rxc1 23. Bxc1 Bc5 24. Be3 Bxe3 25. Qxe3 Qb5 26. Qc3 Nxd5 27. Rxd5 Qe2 28. Qxa5 Qxb2 29. g3 Qb1+ 30. Kg2 Qxe4+ 31. Kg1 Re8 32. Rd8 Qb1+ 33. Kg2 Qb7+ 34. Kg1 Qe7 35. Rxe8+ Qxe8 36. Qd5 e4 37. Kg2 g6 38. Qd4 Qe7 39. Kg1 f5 40. Qd5+ Kg7 41. Qd4+ Kh6 42. h4 f4 43. gxf4 Qxh4 44. Qxe4 Qg4+ 45. Kh2 Kh5 46. Qe5+ Qf5 47. Qxf5+ gxf5 48. Kh3 Kg6 1/2-1/2

[Event "Uppsala Young Champions"]
[Site "Uppsala"]
[Date "2018.10.26"]
[Round "1"]
[White "Bit Narva, David"]
[Black "Sorensen, Hampus"]
[Result "0-1"]
[WhiteElo "1974"]
[BlackElo "2192"]
[PlyCount "72"]
[EventDate "2018.10.26"]
[EventType "swiss"]
[EventRounds "9"]
[EventCountry "SWE"]
[SourceTitle "CBM 187 Extra"]
[Source "ChessBase"]
[SourceDate "2018.11.04"]
[SourceVersion "1"]
[SourceVersionDate "2018.11.04"]
[SourceQuality "1"]

1. e4 e5 2. Nf3 Nc6 3. Bb5 a6 4. Ba4 Nf6 5. d3 d6 6. c3 g6 7. 0-0 b5 8. Bb3 Bg7 9. a4 Rb8 10. axb5 axb5 11. h3 0-0 12. Re1 h6 13. d4 Qe8 14. Nbd2 Nh5 15. Nf1 Kh8 16. Ne3 Nf4 17. Nf1 Nh5 18. Be3 Bb7 19. Qd2 Kh7 20. d5 Ne7 21. g4 Nf6 22. Ng3 Nfg8 23. g5 f5 24. gxh6 Nxh6 25. Ng5+ Kg8 26. Ba7 Rc8 27. Ne6 Rf6 28. Nxg7 Kxg7 29. Qg5 Nhg8 30. Nh5+ Kf7 31. Nxf6 Nxf6 32. f3 Qd7 33. Kh2 Rh8 34. exf5 Nxf5 35. Bf2 Bc8 36. Rg1 Ne7 0-1

[Event "Hersonissos op 2nd"]
[Site "Hersonissos"]
[Date "2018.06.24"]
[Round "9"]
[White "Kadianis, Georgios"]
[Black "Bit Narva, David"]
[Result "0-1"]
[WhiteElo "1917"]
[BlackElo "1926"]
[PlyCount "126"]
[EventDate "2018.06.17"]
[EventType "swiss"]
[EventRounds "9"]
[EventCountry "GRE"]
[SourceTitle "CBM 185 Extra"]
[Source "ChessBase"]
[SourceDate "2018.07.29"]
[SourceVersion "1"]
[SourceVersionDate "2018.07.29"]
[SourceQuality "1"]

1. e4 g6 2. d4 Bg7 3. Nc3 d6 4. Be3 a6 5. Qd2 Nd7 6. 0-0-0 b5 7. f3 Bb7 8. g4 h6 9. h4 c5 10. dxc5 dxc5 11. Bh3 e6 12. Nce2 Qc7 13. Bf4 Ne5 14. Bxe5 Bxe5 15. Qe3 Bg7 16. f4 Qa5 17. a3 b4 18. Ng3 c4 19. Kb1 c3 20. Nf3 bxa3 21. b3 a2+ 22. Ka1 Rc8 23. Ne5 Bxe5 24. fxe5 Qxe5 25. Qd4 Qxd4 26. Rxd4 Ke7 27. Rhd1 Nf6 28. e5 Nd5 29. Ne4 Rc7 30. Nd6 Ne3 31. Rc1 Rd8 32. Rd3 Nd5 33. Rf1 Rf8 34. Rdf3 f5 35. Nxb7 Rxb7 36. h5 Rg8 37. hxg6 f4 38. Bg2 Rxg6 39. Rxf4 Nxf4 40. Bxb7 Rxg4 41. Kxa2 Nd5 42. Bxd5 exd5 43. Rf3 d4 44. b4 Ke6 45. Rf6+ Kxe5 46. Rxh6 d3 47. cxd3 Rxb4 48. Rh2 a5 49. Ka3 Rb7 50. Rh4 Rc7 51. d4+ Kd5 52. Rh1 Kxd4 53. Kb3 Rb7+ 54. Kc2 Rb2+ 55. Kc1 a4 56. Rh4+ Kd3 57. Rh3+ Kc4 58. Rh8 a3 59. Rc8+ Kd4 60. Rd8+ Ke5 61. Re8+ Kd6 62. Rd8+ Ke7 63. Rc8 a2 0-1

[Event "Hersonissos op 2nd"]
[Site "Hersonissos"]
[Date "2018.06.23"]
[Round "8"]
[White "Bit Narva, David"]
[Black "Ranaldi, Lucas"]
[Result "1-0"]
[WhiteElo "1926"]
[BlackElo "2283"]
[PlyCount "107"]
[EventDate "2018.06.17"]
[EventType "swiss"]
[EventRounds "9"]
[EventCountry "GRE"]
[SourceTitle "CBM 185 Extra"]
[Source "ChessBase"]
[SourceDate "2018.07.29"]
[SourceVersion "1"]
[SourceVersionDate "2018.07.29"]
[SourceQuality "1"]

1. e4 c5 2. Nf3 g6 3. Bc4 Bg7 4. 0-0 Nc6 5. Re1 e6 6. c3 Nge7 7. Bf1 e5 8. d3 d5 9. exd5 Qxd5 10. Nbd2 0-0 11. Qb3 Qd8 12. Nc4 Qc7 13. Bg5 Be6 14. Qa3 f6 15. Bd2 b5 16. Ne3 Qb6 17. Nc2 Bd5 18. Be3 b4 19. cxb4 cxb4 20. Qa4 Qb7 21. Nd2 a5 22. Nc4 Bxc4 23. dxc4 Nf5 24. Qb5 Qc8 25. Be2 Nxe3 26. fxe3 f5 27. Rad1 e4 28. Rd6 Ne5 29. Nd4 Re8 30. Qd5+ Kh8 31. Ne6 Ra7 32. Rd1 Rae7 33. Nxg7 Kxg7 34. c5 Qc7 35. c6 Qa7 36. Qd4 Qxd4 37. exd4 Nf7 38. Rd5 Rc8 39. Rc5 Ra7 40. Bc4 Nd6 41. Be6 Rcc7 42. Bd7 Kf6 43. Rdc1 h5 44. Re5 Nc8 45. Re6+ Kf7 46. d5 Rxd7 47. cxd7 Rxd7 48. Rxc8 Rxd5 49. Ra6 Ke7 50. Rc7+ Kd8 51. Rh7 Rd1+ 52. Kf2 Rd2+ 53. Ke3 Rd3+ 54. Kf4 1-0

[Event "Hersonissos op 2nd"]
[Site "Hersonissos"]
[Date "2018.06.18"]
[Round "2"]
[White "Adair, James R"]
[Black "Bit Narva, David"]
[Result "1-0"]
[WhiteElo "2485"]
[BlackElo "1926"]
[PlyCount "121"]
[EventDate "2018.06.17"]
[EventType "swiss"]
[EventRounds "9"]
[EventCountry "GRE"]
[SourceTitle "CBM 185 Extra"]
[Source "ChessBase"]
[SourceDate "2018.07.29"]
[SourceVersion "1"]
[SourceVersionDate "2018.07.29"]
[SourceQuality "1"]

1. e4 c5 2. Nf3 d6 3. d4 cxd4 4. Nxd4 Nc6 5. c4 g6 6. Nc3 Bg7 7. Be3 Nf6 8. Be2 0-0 9. 0-0 Nxd4 10. Bxd4 Bd7 11. Qd3 Bc6 12. b4 b6 13. f4 e6 14. Rad1 Qc7 15. Bf2 Rad8 16. Bh4 Rd7 17. Bf3 Rc8 18. Qe3 Bb7 19. Nb5 Qxc4 20. Nxd6 Rxd6 21. Rxd6 Nxe4 22. Rd3 Qxb4 23. Rc1 Rxc1+ 24. Qxc1 Bd4+ 25. Kh1 Nc5 26. Rd1 Bxf3 27. gxf3 a5 28. Be1 Qb2 29. Qxb2 Bxb2 30. Rd8+ Kg7 31. Bf2 Kf6 32. Rb8 Na4 33. Rb7 Bc3 34. Kg2 Nc5 35. Bh4+ Kg7 36. Rxb6 Nd3 37. Bg3 a4 38. Ra6 Nb2 39. Bf2 Kf8 40. Bc5+ Ke8 41. Ba3 Nc4 42. Rxa4 Nb6 43. Ra6 Bd4 44. Kf1 Nd5 45. Ra8+ Kd7 46. Rf8 Be3 47. Rxf7+ Kc6 48. Bb2 Bxf4 49. Rxh7 Kb5 50. Ke2 Bd6 51. Kd3 Nb4+ 52. Kc3 Nc6 53. Kb3 Na5+ 54. Kc2 Nc4 55. h3 Ne3+ 56. Kb3 Ng2 57. a4+ Kc6 58. Rh6 Nf4 59. Kc4 Bc7 60. Bc1 Ne2 61. Be3 1-0

[Event "Hersonissos op 2nd"]
[Site "Hersonissos"]
[Date "2018.06.17"]
[Round "1"]
[White "Bit Narva, David"]
[Black "Kealar, Ioannis"]
[Result "1-0"]
[WhiteElo "1926"]
[BlackElo "1142"]
[PlyCount "75"]
[EventDate "2018.06.17"]
[EventType "swiss"]
[EventRounds "9"]
[EventCountry "GRE"]
[SourceTitle "CBM 185 Extra"]
[Source "ChessBase"]
[SourceDate "2018.07.29"]
[SourceVersion "1"]
[SourceVersionDate "2018.07.29"]
[SourceQuality "1"]

1. e4 e5 2. Nf3 Nc6 3. Bb5 Bc5 4. 0-0 d6 5. c3 Bd7 6. d4 Bb6 7. Re1 Nf6 8. a4 a6 9. Bf1 h6 10. h3 0-0 11. Na3 Ba7 12. d5 Ne7 13. b4 b5 14. Bb2 Qb8 15. axb5 axb5 16. Qe2 c6 17. dxc6 Bxc6 18. Nxb5 Nxe4 19. Nxa7 Rxa7 20. Rxa7 Qxa7 21. Ra1 Qb6 22. Ra6 Qb7 23. b5 Bd7 24. Qe3 Nf5 25. Qa7 Qxa7 26. Rxa7 Be6 27. g4 Rb8 28. gxf5 Bxf5 29. Bc4 Be6 30. Bxe6 fxe6 31. c4 Nc5 32. Ba3 Rb6 33. Bxc5 dxc5 34. Nxe5 Rd6 35. Ra8+ Kh7 36. Rh8+ Kxh8 37. Nf7+ Kg8 38. Nxd6 1-0

[Event "Uppsala Young Champions"]
[Site "Uppsala"]
[Date "2017.10.28"]
[Round "3"]
[White "Bit Narva, David"]
[Black "Crevatin, Leo"]
[Result "0-1"]
[WhiteElo "2023"]
[BlackElo "2073"]
[PlyCount "70"]
[EventDate "2017.10.27"]
[EventType "swiss"]
[EventRounds "9"]
[EventCountry "SWE"]
[SourceTitle "CBM 181 Extra"]
[Source "ChessBase"]
[SourceDate "2017.12.12"]
[SourceVersion "1"]
[SourceVersionDate "2017.12.12"]
[SourceQuality "1"]

1. d4 d5 2. Nf3 Nf6 3. e3 c6 4. c4 e6 5. Nbd2 Nbd7 6. Bd3 Bd6 7. b3 0-0 8. Bb2 Qc7 9. 0-0 b6 10. Rc1 Bb7 11. Qe2 Rfe8 12. e4 dxe4 13. Nxe4 Nxe4 14. Qxe4 f5 15. Qe2 Rad8 16. Rfe1 c5 17. Ng5 Bxh2+ 18. Kh1 Nf8 19. d5 Bf4 20. Be5 Bxe5 21. Qxe5 Qxe5 22. Rxe5 h6 23. Nf3 Ng6 24. Re3 Nf4 25. Rce1 Nxd3 26. Rxd3 exd5 27. Rxe8+ Rxe8 28. cxd5 Rd8 29. Re3 Kf7 30. Ne5+ Kf6 31. Nd3 Bxd5 32. Nf4 g5 33. Ne2 f4 34. Rh3 Kg6 35. Kh2 Be4 0-1

[Event "Uppsala Young Champions"]
[Site "Uppsala"]
[Date "2017.10.28"]
[Round "2"]
[White "Storme, Isak"]
[Black "Bit Narva, David"]
[Result "0-1"]
[WhiteElo "2144"]
[BlackElo "2023"]
[PlyCount "84"]
[EventDate "2017.10.27"]
[EventType "swiss"]
[EventRounds "9"]
[EventCountry "SWE"]
[SourceTitle "CBM 181 Extra"]
[Source "ChessBase"]
[SourceDate "2017.12.12"]
[SourceVersion "1"]
[SourceVersionDate "2017.12.12"]
[SourceQuality "1"]

1. d4 d6 2. c4 g6 3. Nc3 Bg7 4. e4 Nf6 5. f3 0-0 6. Nge2 Nbd7 7. Be3 e5 8. d5 Ne8 9. Qd2 f5 10. exf5 gxf5 11. f4 Nef6 12. 0-0-0 Qe7 13. h3 Nc5 14. Ng3 exf4 15. Bxf4 Bd7 16. Bd3 Nxd3+ 17. Qxd3 Ne4 18. Ngxe4 fxe4 19. Qg3 Kh8 20. Rhe1 Qf7 21. Rxe4 Bf5 22. Re3 Bxh3 23. Qxh3 Qxf4 24. Rh1 h6 25. Kb1 Qxc4 26. g4 Qf4 27. Re4 Qg5 28. Re6 Rf2 29. Qe3 Qxe3 30. Rxe3 Rg2 31. Re7 Rf8 32. Rxc7 b5 33. Rxa7 b4 34. Nd1 Rxg4 35. Rb7 Rf3 36. Rh2 Rd4 37. Kc1 Rfd3 38. Nf2 Rc4+ 39. Kb1 Rd2 40. Rb8+ Kh7 41. Rb7 Rxb2+ 42. Ka1 Rc1# 0-1

[Event "SWE-ch U20"]
[Site "Stockholm"]
[Date "2017.07.16"]
[Round "9"]
[White "Storme, Isak"]
[Black "Bit Narva, David"]
[Result "1-0"]
[WhiteElo "2129"]
[BlackElo "2140"]
[PlyCount "101"]
[EventDate "2017.07.08"]
[EventType "swiss"]
[EventRounds "9"]
[EventCountry "SWE"]
[SourceTitle "EXT 2018"]
[Source "ChessBase"]
[SourceDate "2017.10.13"]
[SourceVersion "1"]
[SourceVersionDate "2017.10.13"]
[SourceQuality "1"]

1. e4 g6 2. d4 Bg7 3. Nf3 d6 4. Bc4 e6 5. Bb3 Ne7 6. 0-0 0-0 7. Re1 Nd7 8. Nbd2 c5 9. c3 b6 10. Nf1 Ba6 11. Ng3 cxd4 12. cxd4 Rc8 13. h4 e5 14. h5 exd4 15. hxg6 hxg6 16. Nxd4 Ne5 17. Bg5 Qd7 18. Re3 Nc4 19. Re2 Rc5 20. Be3 Nxe3 21. Rxe3 Bc4 22. Bxc4 Rxc4 23. Rd3 Rfc8 24. Qd2 Nc6 25. Nxc6 R8xc6 26. Rd1 Rc2 27. Qg5 R2c5 28. Qd2 Qe7 29. Rxd6 Rxd6 30. Qxd6 Qxd6 31. Rxd6 Rc1+ 32. Nf1 Bxb2 33. Rd7 a5 34. a4 Rc4 35. Rd2 Ba3 36. Ra2 Rxa4 37. Ne3 b5 38. Nd5 Bb4 39. Nxb4 Rxa2 40. Nxa2 b4 41. f4 f6 42. Kf2 Kf7 43. Ke3 Ke6 44. Kd4 g5 45. fxg5 fxg5 46. g4 Kd6 47. e5+ Ke6 48. Ke4 b3 49. Nc3 b2 50. Nb1 a4 51. Na3 1-0

[Event "SWE Cup"]
[Site "Sweden"]
[Date "2017.01.14"]
[Round "4.3"]
[White "Bit Narva, David"]
[Black "Andersson, Bjorn"]
[Result "1-0"]
[WhiteElo "2019"]
[BlackElo "2202"]
[PlyCount "43"]
[EventDate "2017.01.14"]
[EventType "team-tourn"]
[EventRounds "9"]
[EventCountry "SWE"]
[SourceTitle "EXT 2018"]
[Source "ChessBase"]
[SourceDate "2017.10.13"]
[SourceVersion "1"]
[SourceVersionDate "2017.10.13"]
[SourceQuality "1"]
[WhiteTeam "Stockholm Rockaden II"]
[BlackTeam "Burgsvik Alva"]
[WhiteTeamCountry "SWE"]
[BlackTeamCountry "SWE"]

1. e4 c5 2. Nf3 Nc6 3. Bb5 e6 4. 0-0 Nge7 5. Re1 Ng6 6. c3 Be7 7. d4 cxd4 8. cxd4 0-0 9. Nc3 d5 10. e5 f6 11. Bd3 Qe8 12. exf6 Rxf6 13. Bg5 Rxf3 14. Qxf3 Bxg5 15. Nxd5 Qd8 16. Nc3 Qxd4 17. Bxg6 hxg6 18. Ne4 Bf6 19. Qg3 Ne7 20. Rad1 Qe5 21. Rd8+ Kh7 22. Nxf6+ 1-0

[Event "Uppsala Young Champions op"]
[Site "Uppsala"]
[Date "2016.11.01"]
[Round "7"]
[White "Bit Narva, David"]
[Black "Carlsson, Ludvig"]
[Result "0-1"]
[WhiteElo "2019"]
[BlackElo "2013"]
[PlyCount "74"]
[EventDate "2016.10.28"]
[EventType "swiss"]
[EventRounds "9"]
[EventCountry "SWE"]
[SourceTitle "CBM 175 Extra"]
[Source "ChessBase"]
[SourceDate "2016.12.12"]
[SourceVersion "1"]
[SourceVersionDate "2016.12.12"]
[SourceQuality "1"]

1. e4 c5 2. Nf3 e6 3. c3 d5 4. e5 Nc6 5. Na3 Nge7 6. Nc2 Bd7 7. d4 Qb6 8. Bd3 cxd4 9. cxd4 Nb4 10. Nxb4 Qxb4+ 11. Bd2 Qxb2 12. Rb1 Qxa2 13. 0-0 b6 14. Qe2 Qa4 15. Ba6 Nf5 16. Qd3 Qa3 17. Rb3 Qe7 18. Bg5 f6 19. exf6 gxf6 20. Ne5 fxg5 21. Bb5 Rd8 22. Rc3 Nd6 23. Bxd7+ Rxd7 24. Qh3 Bg7 25. Qh5+ Kf8 26. Nxd7+ Qxd7 27. Rfc1 Nc4 28. Rf3+ Kg8 29. Qxg5 a5 30. Re1 Nd6 31. Rfe3 Ne4 32. Qf4 Bxd4 33. Qg4+ Bg7 34. f3 Nc5 35. f4 h5 36. Qg5 Ne4 37. Qg6 Rh6 0-1

[Event "Uppsala Young Champions op"]
[Site "Uppsala"]
[Date "2016.10.30"]
[Round "4"]
[White "Emmoth, Alfons"]
[Black "Bit Narva, David"]
[Result "0-1"]
[WhiteElo "1899"]
[BlackElo "2019"]
[PlyCount "86"]
[EventDate "2016.10.28"]
[EventType "swiss"]
[EventRounds "9"]
[EventCountry "SWE"]
[SourceTitle "CBM 175 Extra"]
[Source "ChessBase"]
[SourceDate "2016.12.12"]
[SourceVersion "1"]
[SourceVersionDate "2016.12.12"]
[SourceQuality "1"]

1. d4 d6 2. Nf3 g6 3. c4 Bg7 4. e4 Nf6 5. Nc3 0-0 6. Be2 Nbd7 7. 0-0 e5 8. Re1 exd4 9. Nxd4 Nc5 10. f3 Ne6 11. Be3 Nh5 12. Qd2 Nhf4 13. Bf1 Be5 14. Nd5 Nxd4 15. Bxd4 Ne6 16. Be3 c6 17. Nc3 Qf6 18. Rab1 b6 19. Ne2 g5 20. Red1 Bb7 21. Nd4 Nxd4 22. Bxd4 Rfd8 23. Be3 h6 24. h4 Bf4 25. hxg5 hxg5 26. Bxf4 gxf4 27. Qd4 Qh4 28. Qf2 Qh6 29. g4 fxg3 30. Qxg3+ Kh7 31. Bg2 Rg8 32. Qxd6 Qe3+ 33. Kf1 Rxg2 34. Kxg2 Rg8+ 35. Qg3 Qe2+ 36. Kh3 Bc8+ 37. Kh4 Qe3 38. Qxg8+ Kxg8 39. Rd8+ Kg7 40. Rxc8 Qf4+ 41. Kh3 Qxf3+ 42. Kh2 Qe2+ 43. Kg1 Qg4+ 0-1

[Event "SWE-chT 1617"]
[Site "Sweden"]
[Date "2016.10.14"]
[Round "1.1"]
[White "Berggren Torell, Harald"]
[Black "Bit Narva, David"]
[Result "1/2-1/2"]
[WhiteElo "2128"]
[BlackElo "2019"]
[PlyCount "54"]
[EventDate "2016.10.14"]
[EventType "team-tourn"]
[EventRounds "9"]
[EventCountry "SWE"]
[SourceTitle "EXT 2017"]
[Source "ChessBase"]
[SourceDate "2016.10.25"]
[SourceVersion "1"]
[SourceVersionDate "2016.10.25"]
[SourceQuality "1"]
[WhiteTeam "Manhem"]
[BlackTeam "Stockholm Rockaden"]
[WhiteTeamCountry "SWE"]
[BlackTeamCountry "SWE"]

1. e4 g6 2. d4 Bg7 3. Nc3 d6 4. f4 a6 5. Nf3 b5 6. Bd3 Nd7 7. a4 b4 8. Ne2 c5 9. a5 Bb7 10. d5 Ngf6 11. c4 bxc3 12. Nxc3 0-0 13. Bc4 Re8 14. 0-0 Qc7 15. Qd3 Nf8 16. h3 e6 17. g4 exd5 18. exd5 Bc8 19. Nh2 Rb8 20. Bxa6 Bxa6 21. Qxa6 c4 22. Ra4 Qc5+ 23. Kh1 Rec8 24. Rd1 N8d7 25. Kg2 Rb3 26. Nf3 Nb8 27. Qa8 Nbd7 1/2-1/2

[Event "SWE Cup"]
[Site "Linkoping"]
[Date "2016.09.10"]
[Round "5.1"]
[White "Larsson, Anders"]
[Black "Bit Narva, David"]
[Result "1-0"]
[WhiteElo "2266"]
[BlackElo "2029"]
[PlyCount "129"]
[EventDate "2016.09.09"]
[EventType "team-k.o."]
[EventRounds "7"]
[EventCountry "SWE"]
[SourceTitle "CBM 174 Extra"]
[Source "ChessBase"]
[SourceDate "2016.10.10"]
[SourceVersion "1"]
[SourceVersionDate "2016.10.10"]
[SourceQuality "1"]
[WhiteTeam "Kungstornet"]
[BlackTeam "Stockholm Rockaden"]
[WhiteTeamCountry "SWE"]
[BlackTeamCountry "SWE"]

1. d4 d6 2. Nf3 g6 3. g3 Bg7 4. Bg2 Nf6 5. 0-0 0-0 6. a4 c6 7. a5 Qc7 8. Nbd2 Nbd7 9. e4 e5 10. c3 d5 11. exd5 Nxd5 12. dxe5 Nxe5 13. Nxe5 Bxe5 14. Nf3 Bg4 15. Qa4 Bxf3 16. Bxf3 Rfe8 17. Qc4 Rad8 18. Bg5 f6 19. Be3 Kh8 20. Bxa7 Ra8 21. Bd4 Rxa5 22. Rxa5 Qxa5 23. b4 Qd8 24. Rd1 Nb6 25. Qb3 Bxd4 26. Rxd4 Qe7 27. Kg2 Nd7 28. Qd1 Ne5 29. Be2 c5 30. Re4 Rd8 31. Qb3 Qd6 32. Re3 Qc6+ 33. Kg1 c4 34. Qc2 b5 35. Qe4 Qd6 36. Qb7 Qd7 37. Qb6 Kg7 38. Qa6 Qd5 39. Qa7+ Kg8 40. Qe7 Qd6 41. Qxd6 Rxd6 42. f4 Nd3 43. Re8+ Kf7 44. Rb8 Re6 45. Bxd3 cxd3 46. Rd8 Re1+ 47. Kf2 Re2+ 48. Kf3 Rxh2 49. Rxd3 Rc2 50. Ke4 Ke6 51. g4 h5 52. f5+ gxf5+ 53. gxf5+ Ke7 54. Rh3 h4 55. Kd5 Rf2 56. Rxh4 Rxf5+ 57. Kc6 Rf3 58. c4 bxc4 59. Rxc4 Rb3 60. b5 f5 61. b6 Kd8 62. b7 Rb2 63. Rc5 f4 64. Rd5+ Ke8 65. Rb5 1-0

[Event "SWE Cup"]
[Site "Linkoping"]
[Date "2016.09.09"]
[Round "2.2"]
[White "Rahul, Kumar Pune"]
[Black "Bit Narva, David"]
[Result "1/2-1/2"]
[WhiteElo "2147"]
[BlackElo "2029"]
[PlyCount "96"]
[EventDate "2016.09.09"]
[EventType "team-k.o."]
[EventRounds "7"]
[EventCountry "SWE"]
[SourceTitle "CBM 174 Extra"]
[Source "ChessBase"]
[SourceDate "2016.10.10"]
[SourceVersion "1"]
[SourceVersionDate "2016.10.10"]
[SourceQuality "1"]
[WhiteTeam "Orgryte"]
[BlackTeam "Stockholm Rockaden"]
[WhiteTeamCountry "SWE"]
[BlackTeamCountry "SWE"]

1. e4 g6 2. d4 Bg7 3. Nc3 d6 4. Bc4 e6 5. Nf3 Ne7 6. Be3 0-0 7. Qd2 d5 8. Bb3 b6 9. h4 dxe4 10. Nxe4 Bb7 11. Ng3 h5 12. 0-0-0 a5 13. c3 Bd5 14. Bc2 Nf5 15. Kb1 Nd7 16. Ne4 Nxe3 17. Qxe3 Nf6 18. Ne5 Nxe4 19. Bxe4 Bxe4+ 20. Qxe4 Qd5 21. Qe2 c5 22. f4 cxd4 23. Rxd4 Qb7 24. Rhd1 Qe7 25. g3 Bxe5 26. Rd7 Qc5 27. fxe5 b5 28. R1d4 b4 29. c4 Qc6 30. g4 Qh1+ 31. Rd1 Qxh4 32. gxh5 Qxh5 33. Qe3 Kg7 34. c5 Rac8 35. Rf1 Rcd8 36. c6 Rxd7 37. cxd7 Rd8 38. Qd4 a4 39. a3 b3 40. Kc1 Qh2 41. Kb1 Qc2+ 42. Ka1 Qc6 43. Rd1 Qb5 44. Qd6 Qe2 45. Rh1 Qg2 46. Rd1 Qc2 47. Rf1 Qc4 48. Rd1 Qc2 1/2-1/2

[Event "Hasselbacken op"]
[Site "Stockholm"]
[Date "2016.05.05"]
[Round "6"]
[White "Bit Narva, David"]
[Black "Hess, Christian"]
[Result "1/2-1/2"]
[WhiteElo "2127"]
[BlackElo "2241"]
[PlyCount "145"]
[EventDate "2016.04.30"]
[EventType "swiss"]
[EventRounds "9"]
[EventCountry "SWE"]
[SourceTitle "CBM 172 Extra"]
[Source "ChessBase"]
[SourceDate "2016.06.21"]
[SourceVersion "1"]
[SourceVersionDate "2016.06.21"]
[SourceQuality "1"]

1. e4 c6 2. d4 d5 3. exd5 cxd5 4. Bd3 Nc6 5. c3 Qc7 6. h3 Nf6 7. Nf3 g6 8. 0-0 Bg7 9. Re1 0-0 10. Bg5 Bf5 11. Bxf5 gxf5 12. Qc1 Ne4 13. Bh6 Qd6 14. Bxg7 Kxg7 15. Na3 Rg8 16. Nh4 Kh8 17. Nb5 Qf6 18. Qf4 Rg7 19. c4 Rag8 20. cxd5 Nxd4 21. Nxd4 Qxd4 22. Rad1 Qf6 23. Re2 Rg5 24. Kh1 Qa6 25. Rc2 f6 26. Nxf5 Nd6 27. Nxe7 Rf8 28. Nc6 Nf5 29. Nd4 Nxd4 30. Qxd4 Qd6 31. Qc5 Qd8 32. Qc7 Rxd5 33. Qxd8 Rfxd8 34. Rxd5 Rxd5 35. Rc8+ Kg7 36. Rc7+ Kg6 37. Rxb7 a5 38. f3 h5 39. Kh2 h4 40. b4 Rd2 41. bxa5 Rxa2 42. Rb5 f5 43. Rb6+ Kg5 44. Ra6 Kf4 45. Rh6 Kg5 46. Ra6 Kf4 47. Ra8 Kg5 48. a6 Kg6 49. a7 Kg7 50. f4 Ra1 51. g4 Ra2+ 52. Kg1 Ra1+ 53. Kf2 Ra2+ 54. Ke3 Ra3+ 55. Kd4 fxg4 56. hxg4 h3 57. Rb8 Rxa7 58. Rb3 Ra4+ 59. Ke5 Ra5+ 60. Ke4 Ra4+ 61. Kf3 h2 62. Rb1 Ra3+ 63. Kg2 Ra2+ 64. Kg3 Kg6 65. Rh1 Ra3+ 66. Kxh2 Rf3 67. f5+ Kg5 68. Rg1 Kh4 69. Rg2 Rf1 70. Rg3 Rf2+ 71. Rg2 Rf1 72. Rg1 Rf2+ 73. Rg2 1/2-1/2

[Event "Rilton Cup 45th"]
[Site "Stockholm"]
[Date "2016.01.02"]
[Round "6"]
[White "Bit Narva, David"]
[Black "Percivaldi, Martin"]
[Result "0-1"]
[WhiteElo "2096"]
[BlackElo "2260"]
[PlyCount "104"]
[EventDate "2015.12.27"]
[EventType "swiss"]
[EventRounds "9"]
[EventCountry "SWE"]
[SourceTitle "CBM 170 Extra"]
[Source "ChessBase"]
[SourceDate "2016.02.25"]
[SourceVersion "1"]
[SourceVersionDate "2016.02.25"]
[SourceQuality "1"]

1. b3 d5 2. Bb2 Nf6 3. e3 g6 4. Nf3 Bg7 5. d4 0-0 6. Be2 Ne4 7. 0-0 c5 8. Nbd2 Nc6 9. c3 e5 10. Nxe4 dxe4 11. Nxe5 Nxe5 12. dxe5 Bxe5 13. Qxd8 Rxd8 14. Rfd1 Be6 15. h3 f5 16. Rab1 Rxd1+ 17. Rxd1 Rc8 18. Rd2 c4 19. Bxc4 Bxc4 20. bxc4 Rc7 21. Rd5 Bf6 22. Ra5 a6 23. Ra4 Kf7 24. Rb4 Be7 25. Rb3 Ke8 26. Kf1 Kd7 27. Ke2 Kc8 28. Ba3 Bxa3 29. Rxa3 Rxc4 30. Kd2 Kc7 31. Rb3 Ra4 32. a3 Kc6 33. Kc2 a5 34. Kb2 g5 35. Kc2 h5 36. h4 gxh4 37. Rb1 Rxa3 38. Kb2 Ra4 39. Rh1 Rc4 40. Rxh4 Rc5 41. Rxh5 Rd5 42. Kb3 b5 43. f3 Rd2 44. Rxf5 a4+ 45. Ka3 Rc2 46. fxe4 Rxc3+ 47. Kb2 Rxe3 48. e5 Re2+ 49. Ka3 Rxg2 50. e6 Re2 51. Kb4 Re4+ 52. Ka5 a3 0-1

[Event "Rilton Cup 45th"]
[Site "Stockholm"]
[Date "2015.12.28"]
[Round "2"]
[White "Bit Narva, David"]
[Black "Johansson, Gunnar"]
[Result "1/2-1/2"]
[WhiteElo "2096"]
[BlackElo "2215"]
[PlyCount "141"]
[EventDate "2015.12.27"]
[EventType "swiss"]
[EventRounds "9"]
[EventCountry "SWE"]
[SourceTitle "CBM 170 Extra"]
[Source "ChessBase"]
[SourceDate "2016.02.25"]
[SourceVersion "1"]
[SourceVersionDate "2016.02.25"]
[SourceQuality "1"]

1. e4 c5 2. Nf3 e6 3. c3 Nf6 4. e5 Nd5 5. c4 Nb4 6. a3 N4c6 7. Bd3 d6 8. exd6 Bxd6 9. Bc2 Be7 10. Nc3 0-0 11. 0-0 Nd4 12. Bb1 Nbc6 13. Re1 Bd7 14. Nb5 Nxf3+ 15. Qxf3 a6 16. Nc3 Nd4 17. Qh3 g6 18. Ne2 Bc6 19. b3 Bf6 20. Ra2 Bg7 21. Nxd4 Qxd4 22. Qe3 Rfd8 23. d3 Qg4 24. f3 Qf5 25. Bb2 b6 26. Bxg7 Kxg7 27. b4 Be8 28. Bc2 Rac8 29. bxc5 bxc5 30. Qe5+ Qxe5 31. Rxe5 Kf6 32. f4 Ke7 33. Rb2 Rb8 34. Ra2 Kd6 35. Kf2 Rb7 36. Bd1 Rdb8 37. Ree2 Rb1 38. Red2 Bc6 39. g3 Rc1 40. Rac2 Rxc2 41. Bxc2 Rb2 42. Ke3 Ra2 43. a4 Kc7 44. Bd1 Rxd2 45. Kxd2 Kb6 46. Kc3 Ka5 47. h3 Bxa4 48. Bf3 Kb6 49. d4 Bd7 50. g4 h6 51. h4 a5 52. g5 hxg5 53. hxg5 a4 54. Bd1 Bc6 55. Bc2 a3 56. Bb3 Be4 57. Ba2 Kc6 58. Bb3 Kd6 59. Ba2 Bf5 60. Bb3 Bb1 61. dxc5+ Kxc5 62. Ba4 Kd6 63. Kb3 a2 64. Kb2 e5 65. c5+ Kxc5 66. fxe5 Kd4 67. Be8 Kxe5 68. Bxf7 Kf5 69. Bxg6+ Kxg6 70. Ka1 Kxg5 71. Kb2 1/2-1/2

[Event "Uppsala Young Champions op"]
[Site "Uppsala"]
[Date "2015.11.01"]
[Round "7"]
[White "Fossan, Andreas"]
[Black "Bit Narva, David"]
[Result "1/2-1/2"]
[WhiteElo "1911"]
[BlackElo "2036"]
[PlyCount "61"]
[EventDate "2015.10.29"]
[EventType "swiss"]
[EventRounds "7"]
[EventCountry "SWE"]
[SourceTitle "CBM 169 Extra"]
[Source "ChessBase"]
[SourceDate "2015.12.18"]
[SourceVersion "1"]
[SourceVersionDate "2015.12.18"]
[SourceQuality "1"]

1. d4 d6 2. c4 e5 3. Nf3 e4 4. Ng5 f5 5. Nc3 c6 6. d5 c5 7. g3 Be7 8. Nh3 Nf6 9. Bg2 0-0 10. 0-0 Na6 11. f3 exf3 12. exf3 Nc7 13. Re1 Bd7 14. Bf1 Nh5 15. Nf4 Nxf4 16. Bxf4 g5 17. Bd2 Ne8 18. Qc2 Bf6 19. Bd3 Ng7 20. Kh1 h6 21. f4 g4 22. Nd1 Bd4 23. Bc3 Qf6 24. Bxd4 Qxd4 25. Ne3 Rae8 26. Ng2 Rxe1+ 27. Rxe1 Re8 28. Rxe8+ Bxe8 29. Nh4 Bd7 30. Kg2 b6 31. b3 1/2-1/2